TUPE, information for property managers (Record no. 109763)
[ view plain ]
| 000 -LEADER | |
|---|---|
| fixed length control field | 01848cad a22002535a 4500 |
| 001 - CONTROL NUMBER | |
| control field | E147887 |
| 008 - FIXED-LENGTH DATA ELEMENTS--GENERAL INFORMATION | |
| fixed length control field | 090626s2009 xxk f 000 0 eng d |
| 020 ## - INTERNATIONAL STANDARD BOOK NUMBER | |
| International Standard Book Number | 9781842195017 |
| 035 ## - SYSTEM CONTROL NUMBER | |
| System control number | (Sirsi) u147887 |
| 041 0# - LANGUAGE CODE | |
| Language code of text/sound track or separate title | eng |
| 050 04 - LIBRARY OF CONGRESS CALL NUMBER | |
| Classification number | 333.33 $2 18 |
| 110 2# - MAIN ENTRY--CORPORATE NAME | |
| Corporate name or jurisdiction name as entry element | Royal Institution of Chartered Surveyors |
| 9 (RLIN) | 4900 |
| 245 00 - TITLE STATEMENT | |
| Title | TUPE, information for property managers |
| Remainder of title | RICS information paper |
| Medium | [electronic resource] |
| 260 ## - PUBLICATION, DISTRIBUTION, ETC. | |
| Place of publication, distribution, etc. | Coventry |
| Name of publisher, distributor, etc. | RICS |
| Date of publication, distribution, etc. | 2009 |
| 490 #0 - SERIES STATEMENT | |
| Series statement | RICS Information Paper |
| 505 2# - FORMATTED CONTENTS NOTE | |
| Formatted contents note | What is TUPE? -- When is TUPE likely to apply in the context of property management? -- What are the effects of TUPE? -- What happens if employees are dismissed around the time of a TUPE transfer? -- Duty to inform and consult -- Other effects of TUPE: workforce information; right to opt out; changes to terms and conditions -- Practical suggestions -- Tupe in practice, examples |
| 520 ## - SUMMARY, ETC. | |
| Summary, etc. | This information paper looks at the Transfer of Undertakings (Protection of Employment) Regulations 2006 (TUPE). TUPE is the UK's implementation of the European Acquired Rights Directive, and its purpose is to provide employment protection on the transfer of a business from one individual to another, or a change in responsibility for a contracted out service. TUPE may affect property management where there is a "relevant transfer", either where a business or undertaking or part of one is transferred, or when a "service provision change" takes place. The Paper introduces property managers to the main issues surrounding the regulations and provides some practical suggestions. |
| 521 ## - TARGET AUDIENCE NOTE | |
| Target audience note | Advanced |
| 590 ## - LOCAL NOTE (RLIN) | |
| Local note | KA |
| 651 #4 - SUBJECT ADDED ENTRY--GEOGRAPHIC NAME | |
| Geographic name | United Kingdom |
| Chronological subdivision | |
| 690 ## - LOCAL SUBJECT ADDED ENTRY--TOPICAL TERM (OCLC, RLIN) | |
| Topical term or geographic name as entry element | Block management |
| 9 (RLIN) | 6220 |
| 856 40 - ELECTRONIC LOCATION AND ACCESS | |
| Uniform Resource Identifier | <a href="https://www.rics.org/Global/Downloads/TUPE_final_pdf.pdf">https://www.rics.org/Global/Downloads/TUPE_final_pdf.pdf</a> |
| Public note | View the information paper free of charge at www.rics.org... |
| 942 ## - ADDED ENTRY ELEMENTS (KOHA) | |
| Suppress in OPAC | 0 |
| Withdrawn status | Lost status | Source of classification or shelving scheme | Damaged status | Not for loan | Home library | Current library | Shelving location | Date acquired | Total Checkouts | Full call number | Barcode | Date last seen | Copy number | Price effective from | Koha item type |
|---|---|---|---|---|---|---|---|---|---|---|---|---|---|---|---|
| Dewey Decimal Classification | Virtual | Virtual | Online | 26/06/2009 | ONLINE PUBLICATION | 147887-2001 | 06/08/2019 | 1 | 06/08/2019 | Book |